000 00384cam a2200157ua 4500
041 _aeng
_h
082 _a824
_bCLA/MA
100 _aClay, N L .
245 _aMax Beerbohm: Selected Essays /
_cN L Clay.
_hTextual Documents
250 _a1 /
_b.
260 _aMelbourne :
_bWilliam Heinemann Ltd ,
_c1958.
300 _a139 ; .
504 _a
942 _cBK
999 _c6927
_d6927